Discurso y experiencias de personas privadas de libertad afectos y emociones en riesgo. Aqu ̕y ahora al lm̕ite: la mujer II /

Bibliographic Details
Main Author: Nieto Morales, Concepcin̤
Other Authors: Nieto-Cabrera, M. Elena, Martn̕ez Cramer, Inš Mara̕
Format: eBook
Language:Spanish
Published: Madrid: Dykinson, 2020
Subjects:
Online Access:Acceso restringido

MARC

LEADER 00000nam a22000007a 4500
005 20210204001712.0
007 cr|||| ||||
008 210204s2020 es |||||s|||| 00||0 spa d
020 |a 978-84-1377-258-5 
035 |a 32968 
040 |a vLex 
090 |c 11089  |d 11089 
100 1 |a Nieto Morales, Concepcin̤ 
245 1 0 |a Discurso y experiencias de personas privadas de libertad  |h [Recurso electrn̤ico] :  |b afectos y emociones en riesgo. Aqu ̕y ahora al lm̕ite: la mujer II /  |c Concepcin̤ Nieto Morales, M. Elena Nieto-Cabrera, Inš Mara̕ Martn̕ez Cramer 
256 |a Servicio en ln̕ea 
260 |a Madrid:  |b Dykinson,  |c 2020 
300 |a 1 recurso electrn̤ico 
500 |a En este estudio elaborado por M. Elena Nieto-Cabrera, Mara̕ Inš Martn̕ez Cramer, y Concepcin̤ Nieto-Morales, escuchamos con el corazn̤ y la razn̤, a mujeres privadas de libertad, a quienes las drogas y las dependencias afectivas llevaron al lm̕ite de la existencia. Este libro es fruto de un trabajo laborioso y profundamente humano. 
506 1 |a Disponible solo en los productos indicados  |d vLex Global  |d vLex Global (Academic Edition, excluding Law Schools)  |d vLex Global (U.S. Academic Edition, Law Schools)  |d vLex Global (U.S. Academic Edition, excluding Law Schools)  |d vLex Global (Academic Edition, Law Schools) 
650 0 4 |a Derecho Penal  |z Espaą 
700 1 |a Nieto-Cabrera, M. Elena 
700 1 |a Martn̕ez Cramer, Inš Mara̕ 
740 0 |a vLex Libros (Servicio en ln̕ea) 
856 4 0 |u http://vlex.com/source/discurso-y-experiencias-de-personas-privadas-de-libertad-afectos-y-emociones-en-riesgo-aqui-y-ahora-al-limite-la-mujer-ii-32968  |z Acceso restringido 
942 |c BOOK 
999 0 |a Criminal law